Δίχρονο δημόσιο υποχρεωτικό νηπιαγωγείο στο δρόμο των κοινωνικών αναγκών και των οραμάτων μας
Saved in:
| Corporate Author: | |
|---|---|
| Format: | Book |
| Language: | Greek |
| Published: |
Αθήνα :
Διδασκαλική Ομοσπονδία Ελλάδας,
2019.
|
| Subjects: | |
| Tags: |
Add Tag
No Tags, Be the first to tag this record!
|
MARC
| LEADER | 00000cam a2200000 a 4500 | ||
|---|---|---|---|
| 001 | 1/124365 | ||
| 008 | 220214s2019####gr | ||| |||| ||gre|| | ||
| 040 | |a GR-MyUa |b gre |c GR-MyUa |e AACR2 | ||
| 041 | 0 | |a gre | |
| 082 | 7 | |a 372.1 |2 (23) | |
| 110 | 2 | |a Διδασκαλική Ομοσπονδία Ελλάδας. | |
| 245 | 1 | 0 | |a Δίχρονο δημόσιο υποχρεωτικό νηπιαγωγείο στο δρόμο των κοινωνικών αναγκών και των οραμάτων μας / |c Διδασκαλική Ομοσπονδία Ελλάδας. |
| 260 | |a Αθήνα : |b Διδασκαλική Ομοσπονδία Ελλάδας, |c 2019. | ||
| 300 | |a 181 σ. : |b φωτ. ; |c 24 εκ. | ||
| 500 | |a Πρακτικά Συνεδρίου που παραγματοποιήθηκε 22 και 23 Μαΐου 2018 στη Θεσσαλονίκη. | ||
| 650 | 0 | |a Education, Preschool |x Activity programs. | |
| 650 | 0 | |a Kindergarten |x Activity programs. | |
| 650 | 0 | |a Education, Preschool |x Case and studies. | |
| 852 | |a INST |b RHODES |e 20220214 |h 372.1 ΔΙΔ |p 005400042590 |q 005400042590 |t BK |y 0 | ||
| 970 | |z 14-02-2022 | ||